000 00726cam a22002413a 4500
001 12302
003 PGUSA
005 20140828083247.0
008 040501s2004||||xxu|||||s|||||000 | eng d
040 _aPGUSA
_beng
042 _adc
050 4 _aD501
100 1 _aHay, Ian,
_d1876-1952
245 1 0 _aAll in It :
_bK(1) Carries On
_h[electronic resource] /
_cIan Hay
260 _bProject Gutenberg,
_c2004
500 _aA Continuation of The First Hundred Thousand, #12877.
506 _aPublic domain in the USA.
516 _aElectronic text
653 _aWorld War, 1914-1918 -- Personal narratives, British
830 0 _aProject Gutenberg
_v12302
856 4 0 _uhttp://www.gutenberg.org/ebooks/12302
942 _cEB
999 _c241557
_d241557